00378nam a2200157Ia 4500003000400000005001700004008004100021040000700062041000800069082001600077100001800093245004500111260004100156300000900197650001400206OSt20260509115254.0250729s2010 xx 000 0 und d cAL aeng a370.25 MATF aDr.S.S.Mathur aFundamentals of guidence and counselling aAgrabSri Vinod Pusthak mandirc2010 a227p aEducation